MARC details
| 000 -LEADER |
| fixed length control field |
02293cam a22005054a 4500 |
| 001 - CONTROL NUMBER |
| control field |
muse85004 |
| 003 - CONTROL NUMBER IDENTIFIER |
| control field |
MdBmJHUP |
| 005 - DATE AND TIME OF LATEST TRANSACTION |
| control field |
20210127151641.0 |
| 006 - FIXED-LENGTH DATA ELEMENTS--ADDITIONAL MATERIAL CHARACTERISTICS |
| fixed length control field |
m o d |
| 007 - PHYSICAL DESCRIPTION FIXED FIELD--GENERAL INFORMATION |
| fixed length control field |
cr||||||||nn|n |
| 008 - FIXED-LENGTH DATA ELEMENTS--GENERAL INFORMATION |
| fixed length control field |
110906s1994 mx o 00 0 spa d |
| 020 ## - INTERNATIONAL STANDARD BOOK NUMBER |
| International Standard Book Number |
9786076287347 |
| 020 ## - INTERNATIONAL STANDARD BOOK NUMBER |
| Canceled/invalid ISBN |
9681206290 |
| 020 ## - INTERNATIONAL STANDARD BOOK NUMBER |
| Canceled/invalid ISBN |
9789681206291 |
| 020 ## - INTERNATIONAL STANDARD BOOK NUMBER |
| Canceled/invalid ISBN |
9681206304 |
| 020 ## - INTERNATIONAL STANDARD BOOK NUMBER |
| Canceled/invalid ISBN |
9789681206307 |
| 035 ## - SYSTEM CONTROL NUMBER |
| System control number |
(OCoLC)1056779311 |
| 040 ## - CATALOGING SOURCE |
| Original cataloging agency |
MdBmJHUP |
| Transcribing agency |
MdBmJHUP |
| 245 00 - TITLE STATEMENT |
| Title |
Historia general de México |
| Remainder of title |
volumen I / |
| Statement of responsibility, etc. |
El Colegio de Mexico. |
| 250 ## - EDITION STATEMENT |
| Edition statement |
4a ed. |
| 264 #1 - PRODUCTION, PUBLICATION, DISTRIBUTION, MANUFACTURE, AND COPYRIGHT NOTICE |
| Name of producer, publisher, distributor, manufacturer |
Colegio de Mexico, |
| 264 #3 - PRODUCTION, PUBLICATION, DISTRIBUTION, MANUFACTURE, AND COPYRIGHT NOTICE |
| Name of producer, publisher, distributor, manufacturer |
Project MUSE, |
| 300 ## - PHYSICAL DESCRIPTION |
| Extent |
1 online resource (2 v.) : |
| Other physical details |
il. ; |
| 500 ## - GENERAL NOTE |
| General note |
Obra preparada por el Centro de Estudios Históricos. |
| 505 0# - FORMATTED CONTENTS NOTE |
| Formatted contents note |
Vol. 1.-- 1. Nota preliminar (Daniel Cosío Villegas).-- 2. Consideraciones corográficas (Bernardo García Martínez).-- 3. Los orígenes mexicanos (Ignacio Bernal).-- 4. La sociedad mexicana antes de la Conquista (Pedro Carrasco).-- 5. El siglo de la conquista (Alejandra Moreno Toscano).-- 6. El siglo de la integración (Andres Lira y Luis Muro).-- 7. La epoca de las reformas borbónicas y el crecimiento económico, 1750-1808 (Enrique Florescano e Isabel Gil Sánchez).-- 8. La revolución de independencia (Luis Villoro).-- 9. Del barroco a la ilustración (Jorge Alberto Manrique). |
| 506 0# - RESTRICTIONS ON ACCESS NOTE |
| Terms governing access |
Open Access |
| Standardized terminology for access restriction |
Unrestricted online access |
| Source of term |
star |
| 588 ## - SOURCE OF DESCRIPTION NOTE |
| Source of description note |
Description based on print version record. |
| 651 #0 - SUBJECT ADDED ENTRY--GEOGRAPHIC NAME |
| Geographic name |
Mexico. |
| Source of heading or term |
fast |
| Authority record control number or standard number |
(OCoLC)fst01211700 |
| 651 #0 - SUBJECT ADDED ENTRY--GEOGRAPHIC NAME |
| Geographic name |
Mexico |
| General subdivision |
Historia |
| Form subdivision |
Política y gobierno. |
| 651 #0 - SUBJECT ADDED ENTRY--GEOGRAPHIC NAME |
| Geographic name |
Mexico |
| General subdivision |
Historia |
| Form subdivision |
Desarrollo económico. |
| 651 #0 - SUBJECT ADDED ENTRY--GEOGRAPHIC NAME |
| Geographic name |
Mexico |
| General subdivision |
Cultura. |
| 651 #0 - SUBJECT ADDED ENTRY--GEOGRAPHIC NAME |
| Geographic name |
Mexico |
| General subdivision |
Historia. |
| 651 #0 - SUBJECT ADDED ENTRY--GEOGRAPHIC NAME |
| Geographic name |
Mexico |
| General subdivision |
History. |
| 650 #0 - SUBJECT ADDED ENTRY--TOPICAL TERM |
| Topical term or geographic name entry element |
Cultura popular |
| Geographic subdivision |
Mexico. |
| 655 #0 - INDEX TERM--GENRE/FORM |
| Genre/form data or focus term |
History. |
| Source of term |
fast |
| Authority record control number |
(OCoLC)fst01411628 |
| 655 #7 - INDEX TERM--GENRE/FORM |
| Genre/form data or focus term |
Electronic books. |
| Source of term |
local |
| 710 2# - ADDED ENTRY--CORPORATE NAME |
| Corporate name or jurisdiction name as entry element |
Colegio de Mexico. |
| Subordinate unit |
Centro de Estudios Históricos. |
| 710 2# - ADDED ENTRY--CORPORATE NAME |
| Corporate name or jurisdiction name as entry element |
Project Muse. |
| Relator term |
distributor |
| 830 #0 - SERIES ADDED ENTRY--UNIFORM TITLE |
| Uniform title |
Book collections on Project MUSE. |
| 856 40 - ELECTRONIC LOCATION AND ACCESS |
| Public note |
Full text available: |
| Uniform Resource Identifier |
<a href="https://muse.jhu.edu/book/74731/">https://muse.jhu.edu/book/74731/</a> |